Halkçı karma-ekonomi (Record no. 6436)

MARC details
000 -BAŞLIK
Sabit Uzunlukta Kontrol Alanı 00601na a2200205 4500
001 - KONTROL NUMARASI
Denetim Alanı 19467
003 - KONTROL NUMARASI IDENTIFIER
Denetim Alanı MIRAKIL
005 - SON İŞLEM TARİHİ VE ZAMANI
Denetim Alanı 20181213155108.0
008 - SABİT-BOY VERİ ELEMANLARI - GENEL BİLGİLER
Sabit Uzunlukta Kontrol Alanı 161214b tu 000 0
040 ## - KATALOGLAMA KAYNAK
Orijinal Kataloglama Ajansı Milas
Kataloglama Dili tur
Metne Dönüştürmek Ajansı TR-AnCHP
041 ## - DİL KODU
Metin / Ses Parça Veya Ayrı Başlığın Dil Kodu tur
082 ## - DEWEY ONLU SINIFLANDIRMA NUMARASI
Sınıflandırma Numarası 338.001
Ürün Numarası Ö53h 2015
090 ## - SINIFLAMA NUMARASI
Sınıflama Numarası 338.001 Ö53h 2015
100 ## - ANA GİRİŞ - KİŞİSEL İSİM
Kişisel Ad Ömeroğlu, Aydın
245 ## - BAŞLIK TABLOSU
Başlık Halkçı karma-ekonomi
Başlığın Kalan Üretimin devrimin reçetesi
Sorumluluk Tablosu, Vb Aydın Ömeroğlu
260 ## - YAYIN, DAĞITIM, VB
Yayın, Dağıtım, Vb Yeri İstanbul
Yayıncı, Dağıtıcı, Vs Adı Atatürk-Venizelos Araştırma Merkezi yayınları
Yayın, Dağıtım, Vb Tarihi 2015
300 ## - FİZİKSEL TANIM
Kapsam 175
Boyutlar 23 sm.
650 ## - KONU KATMA GİRİŞ - TOPİKAL DÖNEM
Topikal Süreli Veya Coğrafi Ad Giriş Elemanı Üretim
Genel Alt Bölümü Karma ekonomi
942 ## - EKLENDİ GİRİŞ ELEMANLARI (KOHA)
Sınıflandırma Veya Raf Düzeni Kaynak Dewey Decimal Classification
Koha Öğesi Türü Books
999 ## - SİSTEM KONTROL NUMARALARI (KOHA)
Koha Biblionumber 6436
Koha Biblioitemnumber 6436
Holdings
Kalıcı Konum Mevcut Konum Edinme Tarihi Edinim Kaynak Toplam Check-Out'Lar Tam Çağrı Numarası Barkod Tarih Son Görülme İtibaren Geçerli Fiyatlar Koha Öğesi Türü Kopya Sayısı
CHP Kütüphanesi CHP Kütüphanesi 12/14/2016 Bağış   338.001 Ö53h 2015 010277 12/14/2016 12/14/2016 Books  
CHP Kütüphanesi CHP Kütüphanesi 12/14/2016 Bağış   338.001 Ö53h 2015 010278 12/14/2016 12/14/2016 Books k.2